• 首页
  • 本馆介绍
  • 公告通知
  • 最新文献
  • 馆藏检索
  • 电子资源
  • 读者导购
  • 参考咨询
  • 我的图书馆
  • 登录
  • 详细信息显示
  • 放入我的书架
  • 预约/预借图书
  • 作者相关作品
  • 分类相关作品
  • 丛书相关作品
  • 出版社相关作品

书目信息

  • 表格格式
  • 工作单格式
  • 卡片格式
题名:
正书 下册
    
 
作者: 本书编
分册:  
出版信息: 上海   上海书画出版社  1983.12
页数: 256页
开本: 12开
丛书名:
单 册:
中图分类: I292.21
科图分类:
主题词: 少数民族文学--作品集--中国
电子资源:
ISBN: 7-80512-172-9
000 00519nam0 2200181 45
001 9911301546
005 19991130154118.2
010    @a7-80512-172-9@d5.10
100    @a19991130d1983 km y0chiy0120 ea
101    @achi
105    @a z 000yy
200 1  @a正书 下册@AZheng Shu Xia Ce@f本书编@FBen Shu Bian
210    @a上海@c上海书画出版社@d1983.12
215    @a256页@c无图表@d12开
606 0  @a少数民族文学@x作品集@x中国
690    @aI292.21@v3
801    @aCN@bPerfectUser@c19991130
905    @aBZT@b24056@f1@dI292.21@e3
    
    正书 下册/本书编.-上海:上海书画出版社,1983.12
    256页:无图表;12开
    
    
    ISBN 7-80512-172-9:5.10
    
●
相关链接 在五车中查询图书 在当当中查询图书 在豆瓣中查询图书


正题名:正书 下册     索取号:I292.21/3         预约/预借

序号 登录号 条形码 馆藏地/架位号 状态 备注
山东省滨州职业学院图书馆 欢迎您!
大连网信软件有限公司© 版权所有